000 00667nam a22001937a 4500
999 _c179860
_d179860
005 20210712122234.0
010 _aB-740602
020 _a9789384930653
_c300.00
035 _aB-740602
037 _bGift
082 _a500
100 _aRam Anand
245 _aScience can be fun /
_cby Ram Anand
260 _aDelhi
_bEducation Gallery
_c2018
270 _a26/25, Block-26, Gali No.12, Vishwas Nagar, Shahdara
_bDelhi
_e110032
300 _a120p.:
_c22cm(Hb)
_bill.
942 _2ddc
_cEN
_mANA
_h500